000
00325nam a2200133Ia 4500
005
20260328104307.0
008
260328s9999||||xx |||||||||||||| ||und||
100
_a
Broto, Carles
245
0
_a
Bares y Restaurantes /
_c
Carles Broto
260
_b
Links
300
_a
288 p.
650
_a
DECORACION DE INTERIOR
942
_c
BK
999
_c
10816
_d
10816